• 首页
  • 本馆介绍
  • 公告通知
  • 最新文献
  • 馆藏检索
  • 电子资源
  • 读者导购
  • 参考咨询
  • 我的图书馆
  • 登录
  • 详细信息显示
  • 放入我的书架
  • 预约/预借图书
  • 作者相关作品
  • 分类相关作品
  • 丛书相关作品
  • 出版社相关作品

书目信息

  • 表格格式
  • 工作单格式
  • 卡片格式
题名:
火力发电厂废水处理与回用
    
 
作者: 杨宝红 , 汪德良 , 王正江 编著
分册:  
出版信息: 北京   化学工业出版社  2006
页数: 235页
开本: 26cm
丛书名:
单 册:
中图分类: X773.03
科图分类:
主题词: 火电厂--废水处理
电子资源:
ISBN: 7-5025-8614-8
000 01008nam0 2200277 450
001 012004054363
005 20070805152016.96
009 012004054363
010    @a7-5025-8614-8@dCNY35.00
035    @a(110017)062002053237
100    @a20060718d2006 em y0chiy0110 ea
101 0  @achi
102    @aCN@b110000
105    @aa z 000yy
106    @ar
200 1  @a火力发电厂废水处理与回用@Ahuo li fa dian chang fei shui chu li yu hui yong@f杨宝红, 汪德良, 王正江等编著@Fyang bao hong , wang de liang , wang zheng jiang deng bian zhu
210    @a北京@c化学工业出版社@d2006
215    @a235页@c图@d26cm
330    @a本书内容涵盖了火力发电厂各种废水的处理工艺及回用方式,涉及的废水包括冲灰渣废水、循环水排水、含油废水、含煤废水、脱硫废水和生活污水等。
606 0  @a火电厂@x废水处理
690    @aX773.03@v4
701  0 @a杨宝红@Ayang bao hong@4编著
701  0 @a汪德良@Awang de liang@4编著
701  0 @a王正江@Awang zheng jiang@4编著
801  0 @aCN@b110017@c20070805
905    @dX773.03@e114@f5
    
    火力发电厂废水处理与回用/杨宝红, 汪德良, 王正江等编著.-北京:化学工业出版社,2006
    235页:图;26cm
    
    
    ISBN 7-5025-8614-8:CNY35.00
    本书内容涵盖了火力发电厂各种废水的处理工艺及回用方式,涉及的废水包括冲灰渣废水、循环水排水、含油废水、含煤废水、脱硫废水和生活污水等。
●
相关链接 在E读中查询图书 在五车中查询图书 在当当中查询图书 在豆瓣中查询图书


正题名:火力发电厂废水处理与回用     索取号:X773.03/114         预约/预借

序号 登录号 条形码 馆藏地/架位号 状态 备注
1 0851069   208510690   第二样本阅览室/ [索取号:X773.03/114] 在馆    
2 0851070   208510707   第三借阅区/ [索取号:X773.03/114] 在馆    
3 0851071   208510716   第三借阅区/ [索取号:X773.03/114] 在馆    
4 0851072   208510725   第三借阅区/ [索取号:X773.03/114] 在馆    
5 0851073   208510734   第三借阅区/ [索取号:X773.03/114] 在馆    
唐山师范学院图书馆 欢迎您!
大连网信软件有限公司© 版权所有